De Dios al hombre / (Record no. 118564)

MARC details
000 -LEADER
campo de control de longitud fija 00606nam a2200205 4500
001 - NÚMERO DE CONTROL
campo de control 118564
003 - IDENTIFICADOR DE NÚMERO DE CONTROL
campo de control ES-MaACL
005 - FECHA Y HORA DE LA ÚLTIMA TRANSACCIÓN
campo de control 20230906191127.0
007 - CAMPO FIJO DE DESCRIPCIÓN FÍSICA--INFORMACIÓN GENERAL
campo de control de longitud fija t|
008 - DATOS DE LONGITUD FIJA--INFORMACIÓN GENERAL
campo de control de longitud fija 070214s1957 sp r ||||1| spa d
100 1# - ENTRADA PRINCIPAL--NOMBRE DE PERSONA
Nombre de persona Parente, Pietro.
9 (RLIN) 89090
245 10 - MENCIÓN DEL TÍTULO
Título De Dios al hombre /
Mención de responsabilidad, etc. Pedro Parente ; versión española de A. A. de Linera.
260 ## - PUBLICACIÓN, DISTRIBUCIÓN, ETC.
Lugar de publicación, distribución, etc. Madrid :
Nombre del editor, distribuidor, etc. Atenas,
Fecha de publicación, distribución, etc. 1957.
300 ## - DESCRIPCIÓN FÍSICA
Extensión 505 p., 14 lám. ;
Dimensiones 21 cm.
490 1# - MENCIÓN DE SERIE
Mención de serie Razonemos nuestra fe
700 1# - ENTRADA AGREGADA--NOMBRE PERSONAL
Nombre de persona Linera, A. A. de.
9 (RLIN) 72429
830 0# - PUNTO DE ACCESO ADICIONAL DE SERIE-TÍTULO UNIFORME
Título uniforme Razonemos nuestra fe
9 (RLIN) 182561
852 ## - LOCALIZACIÓN
Ubicación ES-MaACL
Número de control de estantería C-2190
Sublocalización o colección R.41813
Holdings
Estatus retirado Estado de pérdida Estado de daño No para préstamo Biblioteca de origen Biblioteca actual Ubicación en estantería Fecha de adquisición Fuente de adquisición Total de préstamos Signatura topográfica completa Código de barras Visto por última vez Precio de reemplazo Tipo de ítem Koha
        Biblioteca del Ateneo de Madrid Biblioteca del Ateneo de Madrid Sala Palomar 17/01/2008     C-2190 1123600 23/02/2023 23/02/2023 Libro impreso